01893nam a22002177a 450000500170000000800410001702000180005804000070007604100120008308200160009510000250011124500140013626000390015030000230018936500470021252011700025965000370142994200120146699900190147895201780149720251104093041.0251104b |||||||| |||| 00| 0 eng d a9781399728546 cAL aEnglish a813.6bTOMM aLiz Tomforde9243681 aMile high aLondonbHidder and Stoughtonc2022 a583p.bPBc20x13cm b₹559.20c₹d₹699.00e20%f25-10-2025 aZANDERS Chicago hockey isn't complete without me - everyone's favourite player to hate. I know my role, and I play it well. In fact, I thoroughly enjoy spending the majority of my game time in the penalty box before leaving the arena with a new girl on my arm each night. What I don't like is the new flight attendant on our team's private plane. She works for me, not the other way around. But I'll be sure to remind her of that, and I can guarantee, by the end of the season, she'll be begging to quit her job. But every road trip blurs the lines, and I can't quite figure out if I keep pushing that flight attendant call button in order to push her buttons, or if it's more than that STEVIE I've been a flight attendant for years. I thought I'd seen it all, but when my new job lands me onboard working for the most egotistical and self-righteous diva in the NHL, I start to second guess everything. Including the promise I made to myself of never hooking up with an athlete again . . . no matter how annoyingly tempting he may be. Evan Zanders is unfiltered, unapologetic, and too attractive for his own good. He loves his image, but I hate everything about it. aAmerican English Fiction9243682 2ddccBK c240648d240648 00102ddc40708ENGaALbALcSKd2025-10-30eBiblios Book Point, Surathkal-575014g559.20l2m1o813.6 TOMMp077965r2026-02-05 08:42:16s2026-01-31v699.00w2025-10-25yBK